| 000 | 00360nam a22001457a 4500 | ||
|---|---|---|---|
| 999 |
_c3678 _d3678 |
||
| 008 | 200625b ||||| |||| 00| 0 eng d | ||
| 082 | 0 | 0 |
_a531.3 _bT585 |
| 100 |
_9186 _aTimoshenko, S. |
||
| 245 | 1 | 0 |
_aAdvanced dynamics _cby S. Timoshenko |
| 260 |
_aNew-York _bMc Graw- Hill _c1948 |
||
| 300 | _axii,400p. | ||
| 365 | _d42.75 | ||
| 650 | 0 | _aDynamics | |
| 942 | _cBK | ||